| 000 | 00379nam a22001337a 4500 | ||
|---|---|---|---|
| 020 | _a9789387669161 | ||
| 040 | _cNUST | ||
| 082 |
_223rd _a158.1 _bCAR |
||
| 100 | _aCarnegie, Dale | ||
| 245 |
_aHow To Stop Worring and start living / _cDale Carnegie. |
||
| 260 |
_aIndia: _bRupa Publication, _c2016. |
||
| 300 |
_a332p. : _c23cm. |
||
| 942 |
_2ddc _cBK _h158.1 |
||
| 999 |
_c614022 _d614022 |
||